000 00668nam a2200229 i 4500
001 115953
003 ES-MaACL
005 20240418063115.0
007 t|
008 171201s1900 sp r ||||1| spa d
040 _cES-MaACL
080 _a663.2:38
080 _a38:663.2
245 0 1 _a[Comercio universal de los] vinos.
260 _a[Madrid :
_bs.n.],
_c1900
_e
_f(Imp. de la viuda de M. Minuesa de los Ríos)
300 _a209 páginas, [1] hoja plegada de mapa ;
_c21 cm
650 4 _aVinos-
_xComercio.
_9163878
852 _aES-MaACL
_cDEPO2
_jF-1852
942 _cMONANT
_n0
999 _c115953
_d115953